000
00271nam a2200109Ia 4500
008
230907s9999||||xx |||||||||||||| ||und||
082
_a
330.015195
_b
STO
245
0
_a
Introduction to econometrics /
260
_a
Pearson,
_b
Noida :
_c
2019
300
_a
836 p.
942
_c
BK
999
_c
600310
_d
600310